Learning to laugh at work : (Record no. 664)
[ view plain ]
| 000 -LEADER | |
|---|---|
| fixed length control field | 00726cam a2200241Ia 4500 |
| 003 - CONTROL NUMBER IDENTIFIER | |
| control field | data |
| 005 - DATE AND TIME OF LATEST TRANSACTION | |
| control field | 20260322212029.0 |
| 008 - FIXED-LENGTH DATA ELEMENTS--GENERAL INFORMATION | |
| fixed length control field | data |
| 010 ## - LIBRARY OF CONGRESS CONTROL NUMBER | |
| LC control number | 95070451 |
| 020 ## - INTERNATIONAL STANDARD BOOK NUMBER | |
| International Standard Book Number | 1878542400 |
| 020 ## - INTERNATIONAL STANDARD BOOK NUMBER | |
| International Standard Book Number | 9781878542403 |
| 040 ## - CATALOGING SOURCE | |
| Original cataloging agency | IBS |
| Transcribing agency | IBS |
| Modifying agency | WaOLN |
| -- | OHI |
| -- | WaOLN |
| 092 ## - LOCALLY ASSIGNED DEWEY CALL NUMBER (OCLC) | |
| Classification number | 658.45 M39 1995 |
| 001 - CONTROL NUMBER | |
| control field | data |
| 100 1# - MAIN ENTRY--PERSONAL NAME | |
| Personal name | McGraw, Robert. |
| 245 10 - TITLE STATEMENT | |
| Title | Learning to laugh at work : |
| Remainder of title | the power of humor in the workplace / |
| Statement of responsibility, etc. | Robert McGraw. |
| 260 ## - PUBLICATION, DISTRIBUTION, ETC. | |
| Place of publication, distribution, etc. | Mission, Kan. : |
| Name of publisher, distributor, etc. | SkillPath Publications, c1995. |
| 300 ## - PHYSICAL DESCRIPTION | |
| Extent | iv, 68 p. : |
| Other physical details | ill. ; |
| Dimensions | 22 cm. |
| 504 ## - BIBLIOGRAPHY, ETC. NOTE | |
| Bibliography, etc. note | Includes bibliographical references (p. 67-68) |
| 650 #0 - SUBJECT ADDED ENTRY--TOPICAL TERM | |
| Topical term or geographic name entry element | Wit and humor in business. |
| 650 #0 - SUBJECT ADDED ENTRY--TOPICAL TERM | |
| Topical term or geographic name entry element | Communication in management. |
| 650 #0 - SUBJECT ADDED ENTRY--TOPICAL TERM | |
| Topical term or geographic name entry element | Wit and humor |
| General subdivision | Social aspects. |
| Withdrawn status | Lost status | Damaged status | Not for loan | Home library | Current library | Shelving location | Date acquired | Total checkouts | Full call number | Barcode | Date last seen | Price effective from | Koha item type |
|---|---|---|---|---|---|---|---|---|---|---|---|---|---|
| Springfield | Springfield | General stacks | 22/03/2026 | GEN | BC0010681 | 22/03/2026 | 22/03/2026 | Books |